LEADER 01547nam0 22002771i 450 001 VAN00056826 005 20240806100514.499 010 $a88-901693-9-7 100 $a20061205d2006 |0itac50 ba 101 $aita 102 $aIT 105 $a|||| ||||| 200 1 $aAtti dell'11. colloquio dell'Associazione italiana per lo studio e la conservazione del mosaico$econ il patrocinio del Ministero per i beni e le attivita culturali$eAncona, 16-19 febbraio 2005$fa cura di Claudia Angelelli. Indici degli atti dei colloqui 1.-10, Parte 2.-Indici analitici dei luoghi, delle tipologie, delle epigrafi, dei dati tecnici, dei restauri e delle applicazioni tecnologiche$fa cura di Claudia Angelelli ... [et al.] 210 $aTivoli$cScripta manent$d[2006] 215 $aXV, 789 p.$cill.$d24 cm. 517 1$3VAN00079645$aAtti dell'undicesimo colloquio dell'Associazione italiana per lo studio e la conservazione del mosaico 620 $dTivoli$3VANL001038 702 1$aAngelelli$bClaudia$3VANV035581 712 02$aAISCOM$3VANV035552 712 $aScripta manent$3VANV111766$4650 801 $aIT$bSOL$c20240906$gRICA 899 $aBIBLIOTECA DEL DIPARTIMENTO DI LETTERE E BENI CULTURALI$1IT-CE0103$2VAN07 912 $aVAN00056826 950 $aBIBLIOTECA DEL DIPARTIMENTO DI LETTERE E BENI CULTURALI$d07CONS D Ancona 2005 $e07 17303 20061205 996 $aAtti dell'11. colloquio dell'Associazione italiana per lo studio e la conservazione del mosaico$91424441 997 $aUNICAMPANIA